Statistics for Countries That End In Land

Click here to take the quiz!

General Stats

  • This quiz has been taken 58 times
  • The average score is 6 of 8

Answer Stats

Answer% Correct
Iceland
93%
Finland
87%
Ireland
87%
Swaziland
85%
Switzerland
78%
Poland
76%
New Zealand
74%
Thailand
69%

Score Distribution

Percentile by Number Answered

Percent of People with Each Score

Your Score History

You have not taken this quiz